Fearful spirits, reasoned follies (Record no. 6614)
[ view plain ]
| 000 -LEADER | |
|---|---|
| fixed length control field | 01638nam a2200349 a 4500 |
| 001 - CONTROL NUMBER | |
| control field | ebr10699911 |
| 003 - CONTROL NUMBER IDENTIFIER | |
| control field | CaPaEBR |
| 006 - FIXED-LENGTH DATA ELEMENTS--ADDITIONAL MATERIAL CHARACTERISTICS--GENERAL INFORMATION | |
| fixed length control field | m o u |
| 007 - PHYSICAL DESCRIPTION FIXED FIELD--GENERAL INFORMATION | |
| fixed length control field | cr cn||||||||| |
| 008 - FIXED-LENGTH DATA ELEMENTS--GENERAL INFORMATION | |
| fixed length control field | 120817s2013 nyu sb 001 0 eng d |
| 010 ## - LIBRARY OF CONGRESS CONTROL NUMBER | |
| Canceled/invalid LC control number | 2012033791 |
| 020 ## - INTERNATIONAL STANDARD BOOK NUMBER | |
| Cancelled/invalid ISBN | 9780801451447 (cloth : alk. paper) |
| Cancelled/invalid ISBN | 9780801467318 (e-book) |
| 040 ## - CATALOGING SOURCE | |
| Original cataloging agency | CaPaEBR |
| Transcribing agency | CaPaEBR |
| 035 ## - SYSTEM CONTROL NUMBER | |
| System control number | (OCoLC)845013865 |
| 043 ## - GEOGRAPHIC AREA CODE | |
| Geographic area code | e------ |
| 050 14 - LIBRARY OF CONGRESS CALL NUMBER | |
| Classification number | GR135 |
| Item number | .B35 2013eb |
| 082 04 - DEWEY DECIMAL CLASSIFICATION NUMBER | |
| Classification number | 398/.41094 |
| Edition number | 23 |
| 100 1# - MAIN ENTRY--PERSONAL NAME | |
| Personal name | Bailey, Michael David, |
| Dates associated with a name | 1971- |
| 245 10 - TITLE STATEMENT | |
| Title | Fearful spirits, reasoned follies |
| Medium | [electronic resource] : |
| Remainder of title | the boundaries of superstition in late medieval Europe / |
| Statement of responsibility, etc | Michael D. Bailey. |
| 260 ## - PUBLICATION, DISTRIBUTION, ETC. (IMPRINT) | |
| Place of publication, distribution, etc | Ithaca : |
| Name of publisher, distributor, etc | Cornell University Press, |
| Date of publication, distribution, etc | 2013. |
| 300 ## - PHYSICAL DESCRIPTION | |
| Extent | xv, 295 p. |
| 504 ## - BIBLIOGRAPHY, ETC. NOTE | |
| Bibliography, etc | Includes bibliographical references and index. |
| 505 0# - FORMATTED CONTENTS NOTE | |
| Formatted contents note | Introduction : the meanings of medieval superstition -- The weight of tradition -- Superstition in court and cloister -- The cardinal, the confessor, and the chancellor -- Dilemmas of discernment -- Witchcraft and its discontents -- Toward disenchantment?. |
| 533 ## - REPRODUCTION NOTE | |
| Type of reproduction | Electronic reproduction. |
| Place of reproduction | Palo Alto, Calif. : |
| Agency responsible for reproduction | ebrary, |
| Date of reproduction | 2013. |
| Note about reproduction | Available via World Wide Web. |
| -- | Access may be limited to ebrary affiliated libraries. |
| 650 #0 - SUBJECT ADDED ENTRY--TOPICAL TERM | |
| Topical term or geographic name as entry element | Superstition |
| Geographic subdivision | Europe |
| General subdivision | History. |
| Topical term or geographic name as entry element | Superstition |
| General subdivision | Religious aspects |
| -- | Catholic Church |
| -- | History. |
| Topical term or geographic name as entry element | Civilization, Medieval. |
| 655 #7 - INDEX TERM--GENRE/FORM | |
| Genre/form data or focus term | Electronic books. |
| Source of term | local |
| 710 2# - ADDED ENTRY--CORPORATE NAME | |
| Corporate name or jurisdiction name as entry element | ebrary, Inc. |
| 856 40 - ELECTRONIC LOCATION AND ACCESS | |
| Uniform Resource Identifier | <a href="http://site.ebrary.com/lib/rucke/Doc?id=10699911">http://site.ebrary.com/lib/rucke/Doc?id=10699911</a> |
| Public note | An electronic book accessible through the World Wide Web; click to view |
No items available.
